000 01221cam a2200313 i 4500
001 41459
003 Mx-PuUPA
005 20250709093217.0
008 140415s2011 sp a gr 001 0 spa d
020 _a9788415227212
040 _cMx-PuUPA
_aMx-PuUPA
_bspa
_dMx-PuUPA
_erda
041 1 _aspa
_hrus
_heng
043 _ae-ur---
100 1 _aPolyakova, Olga A.,
_917258
_eautor
245 1 3 _aIconos :
_bobras maestras del arte ruso, siglos XVI-XIX /
_cOlga A. Polyakova ; traducción al español, Cillero & de Mota
264 1 _aMadrid, España :
_bIlus Books Illusion Ilustrated,
_c©2011
300 _a191 páginas :
_bilustraciones (principalmente a color) ;
_c34 cm
336 _2rdacontent
_atexto
_btxt
337 _2rdamedia
_asin medio
_bn
338 _2rdacarrier
_avolumen
_bnc
650 7 _2armarc
_aMuseo
_xReserva Estatal
_zKolómenskoye (Moscú)
_vCatálogos
650 7 _2armarc
_aIconos
_zRusia
_xHistoria
_ySiglo XVI-XIX
_vCatálogos
655 4 _aCatálogos
710 1 _aCillero & de Mota
_etraductor
942 _2ddc
_cLI
_h704.9482
_iP7618
999 _c41459
_d41459